000 00587cam a2200205 4500500
005 20260405002807.0
041 _afre
042 _adc
100 1 0 _aLacroix, Samuel
_eauthor
245 0 0 _aLes Grands Espaces
260 _c2018.
500 _a36
690 _aBande dessinée
690 _aCampagne
690 _aCatherine Meurisse
690 _aNature
690 _aPoitou
786 0 _nPhilosophie magazine | 123 | 10 | 2018-10-01 | p. 58-58 | 1951-1787
856 4 1 _uhttps://shs.cairn.info/magazine-philosophie-magazine-2018-10-page-58?lang=fr&redirect-ssocas=7080
999 _c2061189
_d2061189